Normal view
MARC view
Entry Personal Name
001 - CONTROL NUMBER
- control field: 44119
003 - CONTROL NUMBER IDENTIFIER
- control field: OSt
005 - DATE AND TIME OF LATEST TRANSACTION
- control field: 20240311163218.0
008 - FIXED-LENGTH DATA ELEMENTS
- fixed length control field: 240311|| aca||aabn | a|a d
040 ## - CATALOGING SOURCE
- Original cataloging agency: OSt
- Transcribing agency: OSt
100 ## - HEADING--PERSONAL NAME
- Personal name: Lata, Kusum and Bhatt, Saurabh
670 ## - SOURCE DATA FOUND
- Source citation: Work cat.: (OSt)523901: Lata, Kusum and Bhatt, Saurabh , Towards sustainable policies: Harnessing the potential of strategic environmental assessment
